The appraisal of religious facilities (Record no. 101919)
[ view plain ]
| 000 -LEADER | |
|---|---|
| fixed length control field | 01180cam a2200277 4500 |
| 001 - CONTROL NUMBER | |
| control field | |
| 008 - FIXED-LENGTH DATA ELEMENTS--GENERAL INFORMATION | |
| fixed length control field | #DATE n1997 000 0 eng u |
| 020 ## - INTERNATIONAL STANDARD BOOK NUMBER | |
| International Standard Book Number | 0922154392 |
| 035 ## - SYSTEM CONTROL NUMBER | |
| System control number | (Sirsi) u116926 |
| 041 ## - LANGUAGE CODE | |
| Language code of text/sound track or separate title | eng |
| 100 ## - MAIN ENTRY--PERSONAL NAME | |
| Personal name | Aaron, M. H. |
| 245 #4 - TITLE STATEMENT | |
| Title | The appraisal of religious facilities |
| 260 ## - PUBLICATION, DISTRIBUTION, ETC. | |
| Place of publication, distribution, etc. | Chicago |
| Name of publisher, distributor, etc. | Appraisal Institute |
| Date of publication, distribution, etc. | 1997 |
| 300 ## - PHYSICAL DESCRIPTION | |
| Extent | xi,77p. |
| Other physical details | ill. |
| Dimensions | 1997 |
| 350 ## - PRICE (NR) (BK AM CF MU VM SE) [OBSOLETE] | |
| Price | 25 |
| 520 ## - SUMMARY, ETC. | |
| Summary, etc. | This American text provides an overview of the historical development of houses of worship and the importance of these structures, not only to the religious bodies that built them, but also to the communities in which they exist. Considers the market for such properties as well as the physical elements that set religious facilities apart from ordinary construction. Looks at the application of cost and sales comparison approaches and the financing of religious facilities. |
| 650 ## - SUBJECT ADDED ENTRY--TOPICAL TERM | |
| Topical term or geographic name entry element | CHURCHES |
| 650 ## - SUBJECT ADDED ENTRY--TOPICAL TERM | |
| Topical term or geographic name entry element | RELIGIOUS BUILDINGS |
| 650 ## - SUBJECT ADDED ENTRY--TOPICAL TERM | |
| Topical term or geographic name entry element | UNITED STATES |
| 650 ## - SUBJECT ADDED ENTRY--TOPICAL TERM | |
| Topical term or geographic name entry element | Valuation |
| 9 (RLIN) | 6273 |
| 650 ## - SUBJECT ADDED ENTRY--TOPICAL TERM | |
| Topical term or geographic name entry element | APPRAISAL TECHNIQUES |
| 690 ## - LOCAL SUBJECT ADDED ENTRY--TOPICAL TERM (OCLC, RLIN) | |
| Topical term or geographic name as entry element | UNITED STATES |
| 690 ## - LOCAL SUBJECT ADDED ENTRY--TOPICAL TERM (OCLC, RLIN) | |
| Topical term or geographic name as entry element | PROPERTY-PROPERTY APPRAISAL AND VALUATION |
| 700 ## - ADDED ENTRY--PERSONAL NAME | |
| Personal name | Wright, J.H. |
| 942 ## - ADDED ENTRY ELEMENTS (KOHA) | |
| Suppress in OPAC | 0 |
| Withdrawn status | Lost status | Source of classification or shelving scheme | Damaged status | Not for loan | Home library | Current library | Shelving location | Date acquired | Cost, normal purchase price | Total Checkouts | Full call number | Barcode | Date last seen | Date last checked out | Copy number | Cost, replacement price | Price effective from | Koha item type |
|---|---|---|---|---|---|---|---|---|---|---|---|---|---|---|---|---|---|---|
| Dewey Decimal Classification | London | London | Books | 24/10/2002 | 21.25 | 7 | 333.3320973 AAR | 30066575 | 06/08/2019 | 15/01/2007 | 1 | 21.25 | 06/08/2019 | Book |